000 00211 a2200097 4500
001 13955
100 _aShakespeare W
245 _aW Shakespreare complete work
260 _a
_bCollins
_c
090 _c10920
_d10920
942 _aNUST-CAE
_cM
_c1026
999 _c249028
_d249028